[Event "Mostoles op 11th"]
[Site "Mostoles"]
[Date "2022.07.19"]
[Round "3"]
[White "Guillo Longares, Cecilia"]
[Black "Martin Diaz, Juan"]
[Result "1-0"]
[WhiteElo "1992"]
[BlackElo "1743"]
[PlyCount "57"]
[EventDate "2022.07.17"]
[EventType "swiss"]
[EventRounds "9"]
[EventCountry "ESP"]
[SourceTitle "EXT 2024"]
[Source "ChessBase"]
[SourceDate "2023.10.10"]
[SourceVersion "1"]
[SourceVersionDate "2023.10.10"]
[SourceQuality "1"]

1. d4 d5 2. c4 dxc4 3. Nf3 Nf6 4. e3 Bg4 5. Bxc4 e6 6. h3 Bf5 7. Nc3 Nbd7 8. 0-0 Bb4 9. Nd2 0-0 10. Qe2 Bxc3 11. bxc3 Ne4 12. Nxe4 Bxe4 13. f3 Bg6 14. e4 c5 15. f4 h6 16. f5 exf5 17. exf5 Bh7 18. Qf2 Nf6 19. dxc5 Qa5 20. Be3 Rfe8 21. Bd4 Ne4 22. Qf4 Qd8 23. Rae1 Nf6 24. Rxe8+ Nxe8 25. Qe4 Qd7 26. Bd5 Nf6 27. Bxf6 gxf6 28. Bxb7 Re8 29. c6 1-0

[Event "Mostoles op 10th"]
[Site "Mostoles"]
[Date "2019.07.24"]
[Round "7"]
[White "Fernandez Lopez, Jaime"]
[Black "Martin Diaz, Juan"]
[Result "1-0"]
[WhiteElo "1676"]
[BlackElo "1762"]
[PlyCount "120"]
[EventDate "2019.07.18"]
[EventType "swiss"]
[EventRounds "9"]
[EventCountry "ESP"]
[SourceTitle "EXT 2020"]
[Source "ChessBase"]
[SourceDate "2019.10.17"]
[SourceVersion "1"]
[SourceVersionDate "2019.10.17"]
[SourceQuality "1"]

1. d4 d5 2. c4 dxc4 3. Nf3 Nf6 4. e3 Bg4 5. Bxc4 e6 6. 0-0 Be7 7. Nc3 Nbd7 8. h3 Bh5 9. e4 c6 10. Be3 b5 11. Bd3 0-0 12. Rc1 a6 13. Be2 Rc8 14. a4 h6 15. e5 Ne8 16. Ne4 Nb6 17. axb5 axb5 18. Nfd2 Bg6 19. Nc5 Nd5 20. Ndb3 Nxe3 21. fxe3 Bg5 22. Rc3 Nc7 23. Nb7 Qe7 24. Bf3 Nd5 25. Bxd5 cxd5 26. N3c5 Rc7 27. Qg4 h5 28. Qg3 Bh4 29. Qf4 Bg5 30. Qg3 h4 31. Qg4 Bf5 32. Rxf5 exf5 33. Qxf5 g6 34. Qg4 Bh6 35. Nd6 Qg5 36. Qf3 Qg3 37. Qxg3 hxg3 38. e4 dxe4 39. Ndxe4 Rd8 40. Nd6 Ra7 41. Kf1 Ra1+ 42. Ke2 Ra2 43. Rb3 Bc1 44. Nd3 Bg5 45. Rxb5 Be7 46. Rb6 Ra4 47. Ke3 Bxd6 48. Rxd6 Rxd6 49. exd6 Kf8 50. Nc5 Rb4 51. b3 Ke8 52. Ke4 Rb5 53. Kd5 Kd8 54. Kc6 Rb4 55. Kd5 Rb5 56. Kc4 Rb6 57. b4 Rb8 58. b5 Ra8 59. b6 Ra2 60. b7 Rb2 1-0

[Event "Mostoles op 9th"]
[Site "Mostoles"]
[Date "2018.07.23"]
[Round "7"]
[White "Cao Armillas, Jesus"]
[Black "Martin Diaz, Juan"]
[Result "1/2-1/2"]
[WhiteElo "2073"]
[BlackElo "1777"]
[PlyCount "105"]
[EventDate "2018.07.17"]
[EventType "swiss"]
[EventRounds "9"]
[EventCountry "ESP"]
[SourceTitle "CBM 186 Extra"]
[Source "ChessBase"]
[SourceDate "2018.08.24"]
[SourceVersion "1"]
[SourceVersionDate "2018.08.24"]
[SourceQuality "1"]

1. d4 d5 2. c4 dxc4 3. Nf3 Nf6 4. e3 Bg4 5. Bxc4 e6 6. h3 Bh5 7. 0-0 Nbd7 8. Nc3 Be7 9. Be2 0-0 10. Qb3 Rb8 11. Rd1 Qc8 12. e4 c6 13. Bf4 Ra8 14. Rac1 a6 15. Bg5 h6 16. Bh4 Re8 17. Rd2 b5 18. e5 Nd5 19. Bxe7 Nxe7 20. Ne4 Qc7 21. Qa3 Qb6 22. Nd6 b4 23. Qa4 Red8 24. Nc4 Qb5 25. Qb3 Qb7 26. Na5 Qb6 27. Nc4 Qb7 28. a4 a5 29. Nd6 Qb6 30. Bc4 Nd5 31. g4 Bg6 32. Nh4 Bh7 33. Re1 Qa7 34. Bxd5 cxd5 35. Qe3 Nb6 36. Rc1 Rxd6 37. exd6 Nc4 38. Qf4 g5 39. Qf6 gxh4 40. Re2 Bg6 41. f4 Nxd6 42. f5 Qa6 43. Rxe6 Qd3 44. fxg6 Qg3+ 45. Kf1 Qxh3+ 46. Ke1 Qg3+ 47. Kf1 Qh3+ 48. Ke1 Qg3+ 49. Kd2 fxe6 50. Qxe6+ Kh8 51. Qf6+ Kg8 52. Qe6+ Kh8 53. Qf6+ 1/2-1/2

[Event "Mostoles op 9th"]
[Site "Mostoles"]
[Date "2018.07.22"]
[Round "6"]
[White "Martin Diaz, Juan"]
[Black "Ruiz Grau, David"]
[Result "1-0"]
[WhiteElo "1777"]
[BlackElo "1239"]
[PlyCount "59"]
[EventDate "2018.07.17"]
[EventType "swiss"]
[EventRounds "9"]
[EventCountry "ESP"]
[SourceTitle "CBM 186 Extra"]
[Source "ChessBase"]
[SourceDate "2018.08.24"]
[SourceVersion "1"]
[SourceVersionDate "2018.08.24"]
[SourceQuality "1"]

1. d4 d5 2. Bf4 Nf6 3. e3 g6 4. Be2 Bg7 5. Nf3 0-0 6. h3 c6 7. 0-0 Nbd7 8. Bh2 Re8 9. c4 c5 10. Nc3 e6 11. Rc1 cxd4 12. exd4 a6 13. c5 Nb8 14. b4 b5 15. a4 Nc6 16. Qb3 Ne4 17. axb5 Nxd4 18. Nxd4 Bxd4 19. Nxe4 dxe4 20. b6 Bb7 21. c6 Bxc6 22. Rxc6 Bxb6 23. Rd1 Bxf2+ 24. Kxf2 Qf6+ 25. Kg1 a5 26. bxa5 Rxa5 27. Qc3 Qf5 28. Rf1 Qg5 29. Bf4 Qd8 30. Bc7 1-0

[Event "Mostoles op 9th"]
[Site "Mostoles"]
[Date "2018.07.20"]
[Round "4"]
[White "Martin Diaz, Juan"]
[Black "Pena Hernandez, Francisco Javier"]
[Result "1/2-1/2"]
[WhiteElo "1777"]
[BlackElo "1641"]
[PlyCount "106"]
[EventDate "2018.07.17"]
[EventType "swiss"]
[EventRounds "9"]
[EventCountry "ESP"]
[SourceTitle "CBM 186 Extra"]
[Source "ChessBase"]
[SourceDate "2018.08.24"]
[SourceVersion "1"]
[SourceVersionDate "2018.08.24"]
[SourceQuality "1"]

1. d4 d5 2. Bf4 Nf6 3. e3 e6 4. Nd2 c5 5. c3 Nc6 6. Bd3 cxd4 7. exd4 Bd6 8. Bg3 0-0 9. Ngf3 b6 10. Ne5 Bb7 11. Qe2 Bxe5 12. dxe5 Nd7 13. f4 Nc5 14. Bc2 d4 15. Qh5 d3 16. Bd1 Ne7 17. 0-0 Nf5 18. Bf2 Rc8 19. Bg4 Ne4 20. Nxe4 Bxe4 21. Rad1 Qd5 22. Qh3 Qxa2 23. Rd2 Rxc3 24. Bd1 Rfc8 25. g4 Ne7 26. Qe3 Bg6 27. bxc3 Qc4 28. Bf3 Qxc3 29. Rfd1 Rc4 30. Kg2 Nd5 31. Bxd5 exd5 32. f5 Rxg4+ 33. Bg3 Bxf5 34. Rxd3 Bxd3 35. Qxd3 Qxe5 36. Qxd5 Qxd5+ 37. Rxd5 h6 38. Rd8+ Kh7 39. Rd7 f5 40. Kf3 a5 41. Rb7 Rg6 42. Bf2 Rd6 43. Bxb6 a4 44. Bc5 Rc6 45. Bf8 Rg6 46. Ra7 Kg8 47. Ba3 Rg4 48. Bd6 g6 49. h3 Rh4 50. Kg3 Rd4 51. Be5 Rd3+ 52. Kg2 Rd2+ 53. Kg3 Rd3+ 1/2-1/2

[Event "Mostoles op 9th"]
[Site "Mostoles"]
[Date "2018.07.18"]
[Round "2"]
[White "Martin Diaz, Juan"]
[Black "Yaniz Lana, Francisco Javier"]
[Result "1-0"]
[WhiteElo "1777"]
[BlackElo "1546"]
[PlyCount "87"]
[EventDate "2018.07.17"]
[EventType "swiss"]
[EventRounds "9"]
[EventCountry "ESP"]
[SourceTitle "CBM 186 Extra"]
[Source "ChessBase"]
[SourceDate "2018.08.24"]
[SourceVersion "1"]
[SourceVersionDate "2018.08.24"]
[SourceQuality "1"]

1. d4 d5 2. Bf4 Nf6 3. e3 Bf5 4. Nf3 c6 5. c4 e6 6. Nc3 Be7 7. Qb3 Qc8 8. h3 0-0 9. Rc1 Nbd7 10. Be2 dxc4 11. Bxc4 Nb6 12. Be2 Nbd5 13. Bh2 Nxc3 14. Rxc3 a5 15. 0-0 a4 16. Qd1 Ne4 17. Rc1 Rd8 18. Ne5 Bd6 19. f3 Ng5 20. Qe1 Qb8 21. Kh1 h5 22. f4 Ne4 23. Bxh5 g6 24. Be2 Kg7 25. g4 f6 26. Nd3 Rh8 27. gxf5 Rxh3 28. Rg1 Qh8 29. Rxg6+ Kf7 30. Qg1 exf5 31. Nc5 Ng5 32. Rxg5 fxg5 33. Nxb7 Be7 34. fxg5 Rg8 35. Bc4+ Kf8 36. Bxg8 Qxg8 37. Qg2 Rxe3 38. Qxc6 Qxg5 39. Rf1 Qh5 40. Qc8+ Kg7 41. Qxf5 Qe2 42. Rg1+ Kh8 43. Be5+ Rxe5 44. Qxe5+ 1-0

[Event "Madrid San Viator op-A 28th"]
[Site "Madrid"]
[Date "2017.04.02"]
[Round "2"]
[White "Martin Diaz, Juan"]
[Black "Estevez Sacristan, Deva"]
[Result "1-0"]
[WhiteElo "1724"]
[BlackElo "1813"]
[PlyCount "51"]
[EventDate "2017.03.26"]
[EventType "swiss"]
[EventRounds "9"]
[EventCountry "ESP"]
[SourceTitle "EXT 2018"]
[Source "ChessBase"]
[SourceDate "2017.10.13"]
[SourceVersion "1"]
[SourceVersionDate "2017.10.13"]
[SourceQuality "1"]

1. d4 d5 2. Nf3 Nf6 3. c4 dxc4 4. e3 e6 5. Bxc4 c5 6. 0-0 Nc6 7. Nc3 a6 8. Qe2 b5 9. Bb3 c4 10. Bc2 Bb7 11. a3 Be7 12. Rd1 Qb6 13. e4 Rd8 14. d5 exd5 15. exd5 Nb8 16. Bg5 Qd6 17. Re1 Nbd7 18. Bf4 Qc5 19. d6 Ng8 20. dxe7 Nxe7 21. Rad1 Bxf3 22. Qxf3 Rc8 23. Bd6 Qg5 24. Rxe7+ Kd8 25. Rxd7+ Ke8 26. Qxf7# 1-0

[Event "Madrid San Viator op-A 26th"]
[Site "Madrid"]
[Date "2016.04.17"]
[Round "3"]
[White "Marin Aso, Jose Luis"]
[Black "Martin Diaz, Juan"]
[Result "0-1"]
[WhiteElo "1881"]
[BlackElo "1678"]
[PlyCount "76"]
[EventDate "2016.04.03"]
[EventType "swiss"]
[EventRounds "9"]
[EventCountry "ESP"]
[SourceTitle "EXT 2017"]
[Source "ChessBase"]
[SourceDate "2016.10.25"]
[SourceVersion "1"]
[SourceVersionDate "2016.10.25"]
[SourceQuality "1"]

1. e4 c5 2. Nc3 Nc6 3. f4 g6 4. Nf3 Bg7 5. Bb5 Nd4 6. 0-0 a6 7. Bd3 e6 8. Nxd4 cxd4 9. Ne2 Ne7 10. c3 dxc3 11. bxc3 d6 12. a4 0-0 13. Rb1 Qc7 14. Ba3 Re8 15. Ng3 Bd7 16. f5 exf5 17. exf5 Nd5 18. fxg6 hxg6 19. Qb3 Be6 20. Qxb7 Qa5 21. Bxd6 Red8 22. c4 Nf6 23. Be2 Qxd2 24. Be7 Qe3+ 25. Kh1 Rdb8 26. Qxb8+ Rxb8 27. Rxb8+ Kh7 28. Bxf6 Bxf6 29. Rbb1 Bh4 30. Rf3 Qc5 31. Rbf1 Kg7 32. Ne4 Qa5 33. Nd6 f5 34. c5 Qxc5 35. Rd1 Qc2 36. Re3 Bb3 37. Ne8+ Kf8 38. Nd6 Bxa4 0-1